| 000 | 00360nam a22001217a 4500 | ||
|---|---|---|---|
| 082 | _a220 PRO | ||
| 100 |
_aSHIRAZ, AYAZ,NAUMAN, _971878 |
||
| 245 | _aPR-SOF-1241-AUTONOMOUS LANDMINES DETECTION SYSTEM | ||
| 260 |
_aISLAMABAD _bNUST COLLEGE OF EME _c2013 |
||
| 650 |
_aDE-MTS-31 _971879 |
||
| 700 |
_aSUPERVISOR DR UMER IZHAR,DR JAVAID IQBAL _971880 |
||
| 942 | _cCR | ||
| 999 |
_c578156 _d578156 |
||